000 00617nam a22001817a 4500
082 _aP-840
100 _aAzhar, Hamza
_951866
245 _aTraffic Impact Analysis on the Operational and Functional / Structural Performance of Highway-A Case Study of Motorway M-1
260 _aRisalpur,
_bMCE,
_c2020.
300 _a121 pages.;
_c30 cm.
526 _a0
_b0
_c0
_dP_840
650 _aTransportation
_bSyn-3
_951205
700 _aAhmad Abdullah Sheraz
_951867
700 _aHabib Talha Hashmi
_951868
700 _aMuhammad Zaheer Ul Haque
_951869
700 _aSupervisor Dr Muhammad Irfan
_951870
942 _2ddc
_cBK
999 _c554391
_d554391